Holiday Quiz

Random Holiday or Grab Bag Quiz

Summer Grab Bag Quiz Stats

Quiz Updated Aug 26, 2016

Challenge
Share
Tweet
Embed
Score 0/42 Timer 09:00
7 Plays Today
Clue Phrase % Correct
Events or Time Periodssummer solstice
88.2%
Events or Time PeriodsSummer Olympics
85.4%
General Thingssummer school
73.1%
Events or Time PeriodsIndian summer
55.1%
General Thingssummer squash
53.7%
LiteratureA Midsummer Night's Dream
52.4%
SongsSummer of '69
40.6%
Events or Time Periods'Summer of Love'
38.5%
Events or Time PeriodsSummerSlam
37.3%
General Things'the boys of summer'
37.2%
General ThingsSummer's Eve
35.1%
Real or Fictional PeopleDonna Summer
33.5%
General Thingssummer sausage
33.3%
Movies(500) Days of Summer
33%
Real or Fictional PeopleBuffy Summers
32.6%
SongsSummer Nights
31.8%
Real or Fictional PeopleSummer Sanders
24.2%
Real or Fictional PeopleMarc Summers
22.9%
Real or Fictional PeoplePat Summerall
19.2%
SongsSummer Breeze
18.1%
Real or Fictional PeopleScott Summers
17.5%
Clue Phrase % Correct
MoviesSummer Catch
15.5%
SongsSummer in the City
15%
SongsCruel Summer
14.4%
SongsIn the Summertime
13.9%
LiteratureShall I compare thee to a summer's day?
12.8%
LiteratureI Know What You Did Last Summer
12.8%
MoviesSummer of Sam
9%
SongsSummertime Blues
8.2%
Real or Fictional PeopleSummer Glau
6%
MoviesThe Long, Hot Summer
5.5%
MoviesOne Crazy Summer
5.1%
MoviesSummer of '42
5.1%
SongsHot Fun in the Summertime
5%
MoviesWet Hot American Summer
4.1%
LiteratureSummer Sisters
3.7%
Real or Fictional PeopleLawrence Summers
3.5%
LiteratureSuddenly, Last Summer
3.2%
LiteratureSummer and Smoke
2.3%
MoviesSummer Magic
1.6%
LiteratureA Summer Place
1.5%
LiteratureProdigal Summer
1.5%

You're not logged in!

Compare scores with friends on all Sporcle quizzes.
Join for Free
OR
Log In

You Might Also Like...

Show Comments

Extras

Top Quizzes Today


Score Distribution

Your Account Isn't Verified!

In order to create a playlist on Sporcle, you need to verify the email address you used during registration. Go to your Sporcle Settings to finish the process.

Report this User

Report this user for behavior that violates our Community Guidelines.

Details: